PLAYING TO WIN HOW STRATEGY REALLY WORKS (Record no. 27141)

MARC details
000 -LEADER
fixed length control field 00349nam a2200133Ia 4500
008 - FIXED-LENGTH DATA ELEMENTS--GENERAL INFORMATION
fixed length control field 240624s9999 xx 000 0 und d
041 ## - LANGUAGE CODE
Language code of text/sound track or separate title eng
082 ## - DEWEY DECIMAL CLASSIFICATION NUMBER
Classification number 658.4012 LAF
100 ## - MAIN ENTRY--PERSONAL NAME
Personal name LAFLEY A G
245 ## - TITLE STATEMENT
Title PLAYING TO WIN HOW STRATEGY REALLY WORKS
260 ## - PUBLICATION, DISTRIBUTION, ETC.
Date of publication, distribution, etc. 2013
Place of publication, distribution, etc. Boston
Name of publisher, distributor, etc. Harvard Business Review Press
300 ## - PHYSICAL DESCRIPTION
Extent 272 : p.
365 ## - TRADE PRICE
Currency code RS
Price amount 30
Holdings
Withdrawn status Lost status Damaged status Not for loan Home library Current library Shelving location Date acquired Source of acquisition Cost, normal purchase price Full call number Barcode Date last seen Copy number Price effective from Koha item type
        IMTN IMTN Rack 28-B 03/29/2016 RW 1095.00 658.4012 LAF 27141 06/24/2024 1 06/24/2024 Books
Designed & Maintained by: LRC IMT Nagpur Contact: lrc@imtnag.ac.in© 2024. All Rights Reserved.